Statistics for Former British Colonies

Click here to take the quiz!

General Stats

  • This quiz has been taken 60 times
    (41 since last reset)
  • The average score is 25 of 61

Answer Stats

Answer% Correct
United States
80%
India
71%
Pakistan
66%
Belize
63%
South Africa
60%
Bahrain
54%
Kenya
54%
Antigua and Barbuda
51%
Bahamas
51%
Egypt
51%
Myanmar
49%
Oman
49%
United Arab Emirates
49%
Cyprus
46%
Eswatini
46%
Guyana
46%
Israel
46%
Jamaica
46%
Nigeria
46%
Qatar
46%
Uganda
46%
Zimbabwe
46%
Afghanistan
43%
Barbados
43%
Ghana
43%
Hong Kong
43%
Iraq
43%
Kuwait
43%
Lesotho
43%
Malta
43%
St.Lucia
43%
St.Vincent and the Grenadines
43%
Sudan
43%
Trinidad and Tobago
43%
Zambia
43%
Gambia
40%
Maldives
40%
Sri Lanka
40%
St.Kitts and Nevis
40%
Botswana
37%
Dominica
37%
Brunei
34%
Malawi
34%
Fiji
31%
Grenada
31%
Jordan
31%
Nauru
31%
Tonga
31%
Tuvalu
31%
Vanuatu
31%
Seychelles
29%
Somaliland
29%
Kiribati
26%
Mauritius
26%
Sierra Leone
26%
Libya
23%
Solomon Islands
20%
Malaya
14%
Tanganyika
14%
Zanzibar
14%
South Yemen
11%

Score Distribution

Percentile by Number Answered

Percent of People with Each Score

Your Score History

You have not taken this quiz since the last reset